Pop culture en images - I - Statistiques

Statistiques générales
  • Ce quiz a été pris 301 fois
  • Le résultat moyen est 7 sur 16
Statistiques - réponses
Par images Réponse % Correct
Iron man
98%
Inspecteur gadget
97%
Indiana Jones
83%
Itachi
76%
Insécateur
65%
Ichigo
61%
Il était une fois la Vie
53%
Inosuke
51%
It Takes Two
50%
Igor
26%
Ivan drago
23%
Iso
19%
Izzie Stevens
13%
Ikki
12%
Io
5%
Ida
1%
Aucun quiz correspondant
Distribution des résultats
% des personnes avec chaque résultat
Percentile par nombre de réponses
Votre historique - résultats
Vous n’avez pas pris ce quiz